Management of Nursing Services and Education (Record no. 251393)

MARC details
000 -LEADER
fixed length control field 00399pam a2200157a 44500
008 - FIXED-LENGTH DATA ELEMENTS--GENERAL INFORMATION
fixed length control field 230405s2018 xxu||||| |||| 00| 0 eng d
020 ## - INTERNATIONAL STANDARD BOOK NUMBER
Terms of availability Rs. 650/-
082 ## - DEWEY DECIMAL CLASSIFICATION NUMBER
Classification number 610.73
Item number SUN
100 ## - MAIN ENTRY--PERSONAL NAME
Personal name Suneetha,M.
245 ## - TITLE STATEMENT
Title Management of Nursing Services and Education
250 ## - EDITION STATEMENT
Edition statement 2nd Ed.
260 ## - PUBLICATION, DISTRIBUTION, ETC.
Place of publication, distribution, etc. Hyderabad
Name of publisher, distributor, etc. Frontline Publication
Date of publication, distribution, etc. 2018
300 ## - PHYSICAL DESCRIPTION
Extent 932 p.
502 ## - DISSERTATION NOTE
Dissertation note text
906 ## - LOCAL DATA ELEMENT F, LDF (RLIN)
a 004073

No items available.